000
00313 a2200157 4500
001
190932
020
_a
978-85-66470-23-9
040
_c
Magnum
100
_a
Franco, Blandina
240
1
0
_a
O barco
_l
por
245
1
0
_a
O barco
300
_a
68
362
0
_a
2013
697
_a
LITERATURA INFANTO
942
_c
BK
999
_c
190932
_d
190932